„Concălători“ din veac

Recenzia na publikáciu Rímski cestovatelia a ich cesty v devätnástom storočí.

Salvato in:
Dettagli Bibliografici
Autore principale: Spiridon, Vasile, 1958-
Natura: Capitolo di libro
Lingua:rumeno
Soggetti:
Tags: Aggiungi Tag
Nessun Tag, puoi essere il primo ad aggiungerne!!

MARC

LEADER 00000naa a2200000 4500
001 0277027
005 20240502083840.0
041 0 |a rum 
044 |a RO 
245 1 0 |a „Concălători“ din veac  |c Vasile Spiridon 
520 |a Recenzia na publikáciu Rímski cestovatelia a ich cesty v devätnástom storočí. 
610 2 0 |a recenzie 
610 2 0 |a literatúra 
100 1 |a Spiridon, Vasile, 1958-